| 000 | 02268cam a22004934i 4500 | ||
|---|---|---|---|
| 003 | PE-LiUPU | ||
| 005 | 20250731172944.0 | ||
| 008 | 150623s r 000 0 d | ||
| 020 | _a0310384915 | ||
| 035 | _a(Sirsi) i9780310384915 | ||
| 040 |
_aPE-LiUPU _bspa _cPE-LiUPU _erda |
||
| 049 | _aPRUA | ||
| 100 | 1 |
_aFee, Gordon D., _eautor. |
|
| 245 | 1 | 0 |
_aHow to read the Bible for all its worth : _ba guide to understanding the Bible / _cGordon D. Fee. |
| 264 | 1 |
_aMichigan : _bZondervan Publishing House, _c1993. |
|
| 300 |
_a265 páginas ; _c20 centímetros |
||
| 336 |
_atext _2rdacontent |
||
| 337 |
_aunmediated _2rdamedia |
||
| 338 |
_avolume _2rdacarrier |
||
| 500 | _aOtra ed.: 1982. | ||
| 505 | 0 | _aIntroduction: the need to interpret. -The Basic tool: a good translation. -The epistles : learning to think contextually. -The epistles: the hermeneutical questions. -The Old Testament narratives: Their Proper use. -Acts: the question of historical precedent. -The gospels: one story, manydimensions. -The parables: do you get the point?. -The law(s): covenant stipulations for in Israel. -The Psalms: Israel's prayers and ours. -Wisdom: then and now. -The revelation: images of judment and hope. | |
| 526 | _aSEG42 | ||
| 526 | _aSEG41 | ||
| 526 | _aSEG40 | ||
| 526 | _aSEG39 | ||
| 526 | _aP94 | ||
| 526 | _aP87 | ||
| 526 | _aP86 | ||
| 526 | _aP85 | ||
| 526 | _aP77 | ||
| 526 | _aP76 | ||
| 526 | _aP35 | ||
| 630 |
_aBiblia _xEstudio y enseñanza. |
||
| 700 | 1 | _aStuart, Douglas. | |
| 942 |
_2ddc _cBOOK |
||
| 949 |
_a220.7 F33 _wDEWEY _c1 _i44707 _lCCODEBUL1 _mBUL _r0 _sY _tBOOK _u2015-6-24 _xTEOLOGIA _zUNKNOWN _0COMPRA _o.STAFF. Colección General |
||
| 949 |
_a220.7 F33 _wDEWEY _c2 _i49942 _lCCODEBUL1 _mBUL _r0 _sY _tBOOK _u2015-6-24 _xTEOLOGIA _PP35 _0COMPRA _o.STAFF. Colección General |
||
| 994 |
_aC0 _bPEPRU |
||
| 596 | _a1 | ||
| 999 |
_a220.7 F33 _wDEWEY _c21571 _i44707 _f2021-11-11 _g4 _lCCODEBUL1 _mBUL _r0 _sY _tBOOK _u2015-6-24 _xTEOLOGIA _zUNKNOWN _0COMPRA _o.STAFF. Colección General _d21571 |
||
| 999 |
_a220.7 F33 _wDEWEY _c2 _i49942 _d2019-6-5 _e2019-6-4 _f2021-11-11 _g5 _lCCODEBUL1 _mBUL _n1 _r0 _sY _tBOOK _u2015-6-24 _xTEOLOGIA _PP35 _0COMPRA _o.STAFF. Colección General |
||
| 980 |
_81 _gALBERTO SANCHEZ Responsable de Automatización |
||